| 000 | 00717nam a2200217Ia 4500 | ||
|---|---|---|---|
| 005 | 20250508165225.0 | ||
| 008 | 008 250505s9999 xx 000 0 eng d | ||
| 020 | _a978-81-203-4350-4 | ||
| 037 | _aReference | ||
| 040 |
_aFEDL _beng _cFEDL |
||
| 041 |
_aeng _2eng |
||
| 084 |
_a370, KOT/RR _qFEDL |
||
| 100 |
_aKothari Lalit K Ed. _9780187 |
||
| 245 | 0 | _aVision and values: Science, deffence , education, ethics: Essays in honour of Dr DS Kothari on his birth centenary | |
| 260 |
_aNew Delhi, India _bParagon International Publishers _c2006 |
||
| 300 | _axvi, 535p. | ||
| 365 |
_aINR _b1150 |
||
| 700 |
_a Arora Ramesh K Ed. _9780188 |
||
| 942 |
_cREF _h370, KOT/RR |
||
| 999 |
_c1393917 _d1393917 |
||